| 000 | 00810nam a22002417a 4500 | ||
|---|---|---|---|
| 001 | 00201 | ||
| 003 | DO-SdBNP | ||
| 005 | 20160415151800.0 | ||
| 007 | 00201 | ||
| 008 | 160415b dr 19--||||| |||| 00| 0 spa d | ||
| 040 |
_aBPMSU _bspa _cBPMSU |
||
| 092 |
_axxxxxxxxx _bxxxxxxxxx |
||
| 100 | 1 | _aHernández Dominicana, Cristiana | |
| 245 | 1 |
_aLengua española 4to. : _bel lenguaje al servicio de la comunicación / _6Cristiana Hernández Dominicana |
|
| 260 |
_aSanto Domingo : _bSusaeta, _c19--? |
||
| 300 |
_a160 p. : _bil., _c25 cm. |
||
| 490 | 1 | _aEscuela dominicana | |
| 500 | _aCuarto grado de enseñanza primaria | ||
| 500 | _aDe acuerdo con los nuevos programas de reforma de educación primaria de República Dominicana | ||
| 830 | 0 | _aEscuela dominicana | |
| 942 |
_2ddc _cBK |
||
| 956 | _aBRENDA TAVÁREZ | ||
| 999 |
_c9803 _d9803 |
||